Top 5 Amerikanische Länder - Meiste WM-Teilnahmen - Statistiken

Allgemein
  • Dieses Quiz wurde 87 mal gespielt
  • Das Durchschnittsergebnis liegt bei 4 aus 5
Antwortstatistiken
# Nation % Korrekt
22 Brasilien
98%
18 Argentinien
97%
17 Mexiko
76%
14 Uruguay
57%
11 USA
52%
Keine übereinstimmenden Quizze gefunden
Verteilung der Resultate
Anzahl Personen mit jedem Resultat
Perzentil nach korrekt beantworteten Fragen
Ihre Resultats-Entwicklung
Sie haben dieses Quiz noch nicht gespielt